01342nam a22002777a 4500003000900000005001700009008003600026020001800062040002500080082002200105100003700127245009700164246005300261260004600314300002700360500007300387504002700460590002600487651007500513910002700588942001400615952013400629952014200763952014200905999001701047DO-SdBNP20240404094740.0210903b 2021 dr a 00| 0 eng d a9789945097405 aDO-SdBNPbspacBNPHU 4a980.02bC957i2221 aCruz Sánchez, Filiberto91311213aLas revoluciones de independencia en América Latina, 1810-1826 /cFiliberto Cruz Sánchez aLa independencia de América Latina 1810-1826 / aSanto Domingo :bEl Nuevo Diario ;c2020. a98 p. :bil. ;c21 cm. aIncluye referencias bibliográficas y notas al pie de las páginas aBibliografía : p. 99 aInventariado, 2021/BT 4aAmérica LatinaxHistoriayGuerras de independencia, 1806-1830918455 aBT/Validado, 2023/ MFF 2ddccLBS1 00102ddc51708PDaBNPHUbPDcHDd2021-09-03eDepósito LegaloBNPHU PD 980.02 C957ip2021-26027r2021-09-03w2021-09-03yLBS1 00102ddc51708PDaBNPHUbBNPHUcHDd2021-09-03eDepósito LegaloBNPHU PD 980.02 C957ip2021-26028r2021-09-03te.2w2021-09-03yLBS1 00102ddc56708DSaBNPHUbBNPHUcHDd2021-09-03eDepósito LegaloBNPHU DS 980.02 C957ip2021-26029r2021-09-03te.3w2021-09-03yLBS1 c50389d50389